书目信息 |
| 书名: | Algebraic topology | |
| 作者: | C. R. F. Maunder. | |
| 分册号: | ||
| 分册名: | 出版地: | Cambridge [Eng.] : |
|
| 出版社: | Cambridge University Press | |
| 出版时间: | 1980. | |
| 页数: | ix, 375 p. : | |
| 开本: | 24 cm. | |
| 丛书名: | ||
| 中图分类号: | ||
| 科图分类号: | ||
| 其他分类号: | O13:H31 | |
| 主题词: | ||
| 电子资源: | ||
| 000 | 00720pam 2200253 a 45 | |
| 001 | E0733838327 | |
| 005 | 20070303092443.10 | |
| 008 | 800115s1980 enka b 00110 eng | |
| 010 | @a 79041610 | |
| 015 | @aGB80 | |
| 020 | @a0521298407 (pbk.). | |
| 020 | @a0521231612. | |
| 050 | 10 | @aQA612@b.M38 1980 |
| 082 | @a514/.2 | |
| 090 | @aP149.7/W43 | |
| 090 | @aO13:H31 | |
| 099 | @dO13:H31@ex31 | |
| 100 | 1 | @aMaunder, C. R. F. |
| 245 | 10 | @aAlgebraic topology / @cC. R. F. Maunder. |
| 260 | 0 | @aCambridge [Eng.] :@bCambridge University Press,@c1980. |
| 300 | @aix, 375 p. :@bill. ;@c24 cm. | |
| 500 | @aIncludes index. | |
| 504 | @aBibliography: p. 361-368. | |
| 650 | 0 | @aAlgebraic topology. |
| Algebraic topology / / C. R. F. Maunder.-Cambridge [Eng.] : : Cambridge University Press, , 1980. |
| ix, 375 p. : : ill. ; ; 24 cm. |
| Includes index.-Bibliography: p. 361-368. |
| ISBN 0521298407 (pbk.). |
| ● |
| 相关链接 |
|
|
|
|
正题名:Algebraic topology
索取号:O13:H31/x31
 
预约/预借
| 序号 | 登录号 | 条形码 | 馆藏地/架位号 | 状态 | 备注 |
| 1 | 122360 | 202462968 | 第四借阅区/ [索取号:O13:H31/x31] | 在馆 | |
| 2 | 122361 | 000453333 | 第二样本阅览室/ [索取号:O13:H31/x31] | 在馆 |